000 00814nam a22002777a 4500
003 CHAP
005 20220329140909.0
008 971013s1911 r 00010 d
010 _a59465
011 _a60437
035 _a64599
040 _cCHAP
082 _a633.895
_bL95
100 0 0 _aLloyd, Francis Ernest.
_967303
245 _aGuayule (Parthenium Gray); a rubber plant of the Chihuahuan desert
260 _aWashington :
_bCarnegie Institution,
_c1911
300 _a213 p.
_b: ilus.
490 _aPublication
_v; 139
590 _aBATCH-UPD
_b10
_c20130110
_lUCH01
_h0740
590 _aCONVERSION
_b10
_c20130109
_lUCH01
_h1332
650 1 4 _aGuayule.
_951071
830 0 _aPublication
_v; 139
_992792
901 _aBK
942 _cLIBRO
949 _a633.895 L95
_bBC
_cBPP
_d-141053
_eBPP
_h22888
_i64599
_si
999 _c59465
_d59465